Nation and region, 1860-1900 /

Saved in:
Bibliographic Details
Other Authors: Stern, Milton R., Gross, Seymour Lee, 1926-, Jones, Howard Mumford
Format: Book
Language:English
Published: New York : Viking, 1968.
Edition:Rev. and expanded ed.
Series:Viking portable library.
Subjects:
LEADER 01283cam a2200337 a 4500
001 c000393067
003 CARM
005 20130220123322.0
008 130220s1968 nyu b 001 1deng d
010 |a 62015079 
019 1 |a 69793337  |5 LACONCORD2021 
035 |a (OCoLC)122246574  |5 LACONCORD2021 
040 |a NQA  |c NQA  |d VCAV 
245 0 0 |a Nation and region, 1860-1900 /  |c with a general introduction by the editors and a prefatory essay by Howard Mumford Jones. 
250 |a Rev. and expanded ed. 
260 |a New York :  |b Viking,  |c 1968. 
300 |a xxiii, 646 p. ;  |c 20 cm. 
490 1 |a Viking portable library 
500 |a Series edited by Milton R. Stern and Seymour L. Gross. 
504 |a Includes bibliographical references and index. 
650 |a Fiction. 
650 |a Short stories. 
700 1 |a Stern, Milton R. 
700 1 |a Gross, Seymour Lee,  |d 1926- 
700 1 |a Jones, Howard Mumford. 
852 8 |b CARM  |p 0589664  |f BK 
852 8 |b SCAN  |h A3:AG12B0  |i B12178  |p 0589664  |f BK 
830 0 |a Viking portable library. 
999 f f |i efab1cc6-ac8f-5d98-983c-0df6a2ea3384  |s 971b045a-a42b-579a-94c1-79fb5a47dad8 
952 f f |p Can circulate  |a CAVAL  |b CAVAL  |c CAVAL  |d CARM 1 Store  |i book  |m 0589664 
952 f f |a CAVAL  |b CAVAL  |c CAVAL  |d Unmapped Location  |e B12178  |f A3:AG12B0  |h Other scheme